[Event "Muensterland Regionalliga 1819"]
[Site "Germany"]
[Date "2019.03.23"]
[Round "8.7"]
[White "Boelker, Franz"]
[Black "Janssen, Dirk"]
[Result "0-1"]
[WhiteElo "1785"]
[BlackElo "1967"]
[PlyCount "88"]
[EventDate "2018.09.08"]
[EventType "team-tourn"]
[EventRounds "9"]
[EventCountry "GER"]
[SourceTitle "EXT 2020"]
[Source "ChessBase"]
[SourceDate "2019.10.17"]
[SourceVersion "1"]
[SourceVersionDate "2019.10.17"]
[SourceQuality "1"]
[WhiteTeam "Raesfeld Erle"]
[BlackTeam "Muenster III"]
[WhiteTeamCountry "GER"]
[BlackTeamCountry "GER"]

1. d4 e6 2. c4 d5 3. Nc3 c5 4. e3 Nf6 5. Nf3 a6 6. a4 cxd4 7. exd4 Bb4 8. Bd2 Nc6 9. cxd5 Nxd5 10. Nxd5 Qxd5 11. Bc3 0-0 12. Be2 Bxc3+ 13. bxc3 Rd8 14. 0-0 e5 15. c4 Qd6 16. d5 Ne7 17. Rb1 b6 18. Qb3 Bf5 19. Bd3 e4 20. Nd4 exd3 21. Nxf5 Nxf5 22. Qxd3 Qf6 23. a5 bxa5 24. c5 g6 25. Rfd1 Rab8 26. c6 Rxb1 27. Rxb1 Qxc6 28. Qxf5 Rxd5 29. Qf4 a4 30. Qh6 Qd6 31. Qc1 a3 32. g3 a2 33. Ra1 Rd2 34. Qc8+ Kg7 35. Qc3+ f6 36. Kg2 Qd5+ 37. Qf3 Qxf3+ 38. Kxf3 Kf7 39. Ke3 Rb2 40. h4 Ke6 41. f3 Kd5 42. Kd3 Kc5 43. Rc1+ Kb4 44. Rc4+ Kb5 0-1

[Event "Muensterland Verbandsliga 1213"]
[Site "Germany"]
[Date "2012.10.27"]
[Round "2.7"]
[White "Rothkegel, Juergen"]
[Black "Boelker, Franz"]
[Result "1-0"]
[WhiteElo "1885"]
[BlackElo "1798"]
[PlyCount "83"]
[EventDate "2012.09.22"]
[EventType "team-tourn"]
[EventRounds "9"]
[EventCountry "GER"]
[SourceTitle "EXT 2015"]
[Source "ChessBase"]
[SourceDate "2014.11.20"]
[SourceVersion "1"]
[SourceVersionDate "2014.11.20"]
[SourceQuality "1"]
[WhiteTeam "Gronau"]
[BlackTeam "Raesfeld Erle"]
[WhiteTeamCountry "GER"]
[BlackTeamCountry "GER"]

1. e4 c5 2. Nf3 d6 3. d4 cxd4 4. Nxd4 Nf6 5. Nc3 a6 6. Bg5 e6 7. f4 Be7 8. Qf3 Qc7 9. 0-0-0 Nc6 10. Nb3 0-0 11. g4 b5 12. Bxf6 Bxf6 13. g5 Bxc3 14. Qxc3 d5 15. exd5 Qxf4+ 16. Kb1 Ne7 17. d6 Nd5 18. Qc6 Ra7 19. c4 Qf3 20. Bg2 Qxg2 21. cxd5 exd5 22. Rhe1 Qg4 23. Qxd5 Be6 24. Qd4 Qxd4 25. Nxd4 Rd7 26. Nc6 Bf5+ 27. Ka1 f6 28. Ne7+ Rxe7 29. Rxe7 Rd8 30. gxf6 gxf6 31. b4 Bh3 32. Kb2 h5 33. Ra7 Bg4 34. Rd2 f5 35. Rxa6 f4 36. Rb6 Bd7 37. Rb7 f3 38. Rc7 Kf8 39. Rc5 h4 40. Rh5 Be6 41. Rxh4 Kg7 42. Rf4 1-0